Sistemas silvopastoriles con árboles maderables dentro de pasturas : (Registro nro. 7550)

Detalles MARC
000 -CABECERA
Campo de control 00814nam a22002057a 4500
005 - FECHA Y HORA DE LA ULTIMA TRANSACCION
Campo de control 20130813142146.0
008 - ELEMENTOS DE LONGITUD FIJA—INFORMACION GENERAL
Campo de control 130813b2007 ck ||||| |||| 00| 0 spa d
020 ## - ISBN
ISBN 9789588272450
041 ## - IDIOMA
Código de idioma para texto/pista de sonido o título separado Español
044 ## - PAÍS DE PUBLICACIÓN
País de publicación Colombia
082 ## - NUMERO DE CLASIFICACION DECIMAL DEWEY
Número de clasificación 634.9
Número del ítem C175s
245 ## - MENCION DE TITULO
Título Sistemas silvopastoriles con árboles maderables dentro de pasturas :
Parte restante del título estrategias para su establecimiento /
Mención de responsabilidad Juan Carlos Camargo-García, Johnny Gaviria Vásquez y Harold Cardona Trujllo
260 ## - PUBLICACION, DISTRIBUCION, ETC. (PIE DE IMPRENTA)
Lugar de publicación, distribución, etc. Bogotá
Nombre del editor, distribuidor, etc. Centro de Investigaciones y Estudios en Biodiversidad y Recursos Genéticos
-- Colciencias
Fecha de publicación, distribución, etc. 2007
300 ## - DESCRIPCION FISICA
Extensión 84 p.
Otros detalles físicos il., mapas
Dimensiones 24 cm.
650 ## - ASIENTO SECUNDARIO DE MATERIA - TERMINO TEMATICO
Término temático o nombre geográfico como elemento de entrada Arboles maderables
700 ## - ASIENTO SECUNDARIO - NOMBRE PERSONAL
Nombre personal Camargo-García, Juan Carlos
700 ## - ASIENTO SECUNDARIO - NOMBRE PERSONAL
Nombre personal Gaviria Vásquez, Johnny
700 ## - ASIENTO SECUNDARIO - NOMBRE PERSONAL
Nombre personal Cardona Trujllo, Harold
942 ## - ELEMENTOS ADICIONALES (KOHA)
Sistema de clasificación Dewey Decimal Classification
Tipo de ítem Impreso
Existencias
Withdrawn status Lost status Sistema de Clasificación Damaged status No para préstamo Colección Inventariado Ubicación Permanente Ubicación actual Fecha de adquisición Fuente de Valor Valor Total Checkouts Número topográfico Inventario / Código de Barras Date last seen Ejemplar Price effective from Forma de adquisición Tipo de material
    Dewey Decimal Classification     General Inventariado 2017 Bogotá Bogotá 13/08/2013 Instituto 39000.00   LB 634.9 C175s 058335 13/08/2013 Ej. 1 13/08/2013   Libro